000 00426nam a2200145Ia 4500
008 100204s9999 xx 000 0 und d
082 _b6104
100 _aसाळगांवकर शशिकला
245 _aकाटशह
260 _b"श्रीविद्या प्रकाशन, पुणे"
_c1982
300 _a152
630 _aकाटशह
730 _aकाटशह
942 _cBOOK
999 _c450599
_d450596